000 00465nam a22001817a 4500
003 MPLRDC
005 20220104142726.0
008 210129b ||||| |||| 00| 0 eng d
020 _a962-950-260-7
082 _a857.62 NTKF v.2
100 _a内囚康夫
245 _a幸福的手纸
_c
260 _a
_b天地图书有限公司
_c1997
300 _b
490 _a内田康夫推理小说系列. 2
650 _a推理小说
942 _cBK
_o857.62 NTKF v.2
999 _c33200
_d33190